LEADER 04477cam a2200913 c 4500
001 1617531111
003 DE-627
005 20260611204340.0
007 tu
008 120626s2012 fr ||||| 00| ||fre c
020 |a 9782708409194  |9 978-2-7084-0919-4 
020 |a 2708409190  |9 2-7084-0919-0 
024 3 |a 9782708409194 
035 |a (DE-627)1617531111 
035 |a (DE-603)327372079 
035 |a (DE-576)367303108 
035 |a (DE-599)BSZ367303108 
035 |a (OCoLC)1533122876 
035 |a (OCoLC)795628686 
035 |a (OCoLC)795499967 
040 |a DE-627  |b ger  |c DE-627  |e rakwb 
041 |a fre 
044 |c XA-FR 
050 0 |a NA5551.S2 
082 0 |a 720 
082 0 |a 726.609 44362  |2 22 
084 |a 9,10  |a 1  |2 ssgn 
084 |a 9,10  |2 ssgn 
084 |a 21.70  |2 bkl 
100 1 |a Leniaud, Jean-Michel  |d 1951-  |0 (DE-588)124028624  |0 (DE-627)085591394  |0 (DE-576)165649186  |4 aut 
245 1 3 |a La basilique royale de Saint-Denis  |b de Napoléon à la République  |c Jean-Michel Leniaud 
246 3 3 |a De Napoléon à la République 
264 1 |a Paris  |b Picard  |c 2012 
300 |a 207 S.  |b zahlr. Ill.  |c 27 cm 
336 |a Text  |b txt  |2 rdacontent 
337 |a ohne Hilfsmittel zu benutzen  |b n  |2 rdamedia 
338 |a Band  |b nc  |2 rdacarrier 
490 0 |a Librairie de l'architecture et de la ville 
500 |a En appendice, choix de documents 
500 |a Bibliogr. p. 195-197. Index 
505 8 |a Literaturverz. S. 195 - 197 
583 1 |a Archivierung/Langzeitarchivierung gewährleistet  |f SSG  |x XA-DE-BW  |2 pdager  |5 DE-16 
583 1 |a Archivierung/Langzeitarchivierung gewährleistet  |f SLG  |z Frankreichforschung  |2 pdager  |5 DE-77 
610 2 0 |a Eglise abbatiale de Saint-Denis (Saint-Denis, France)  |x Conservation and restoration 
610 1 0 |a Eglise abbatiale de Saint-Denis (Saint-Denis, France)  |x Conservation and restoration 
689 0 0 |d g  |0 (DE-588)4206278-0  |0 (DE-627)105129178  |0 (DE-576)210174099  |a Klosterkirche Saint-Denis  |g Saint-Denis  |2 gnd 
689 0 |5 DE-101 
689 1 0 |d g  |0 (DE-588)4206278-0  |0 (DE-627)105129178  |0 (DE-576)210174099  |a Klosterkirche Saint-Denis  |g Saint-Denis  |2 gnd 
689 1 1 |d s  |0 (DE-588)4073436-5  |0 (DE-627)104791268  |0 (DE-576)209190450  |a Kirchenbau  |2 gnd 
689 1 2 |d s  |0 (DE-588)4138356-4  |0 (DE-627)105643300  |0 (DE-576)209685352  |a Ausstattung  |2 gnd 
689 1 3 |a z  |2 gnd  |a Geschichte 1800-1900 
689 1 |5 (DE-627) 
689 2 0 |d g  |0 (DE-588)4206278-0  |0 (DE-627)105129178  |0 (DE-576)210174099  |a Klosterkirche Saint-Denis  |g Saint-Denis  |2 gnd 
689 2 1 |d s  |0 (DE-588)4002851-3  |0 (DE-627)104280352  |0 (DE-576)208848975  |a Architektur  |2 gnd 
689 2 2 |d s  |0 (DE-588)4138356-4  |0 (DE-627)105643300  |0 (DE-576)209685352  |a Ausstattung  |2 gnd 
689 2 |5 (DE-627) 
787 0 8 |i Rezension  |a Bissegger, Paul, 1945 -   |t Wie Phoenix aus der Asche  |d 2013  |w (DE-627)1759469807 
787 0 8 |i Rezensiert in  |a Whyte, William  |t La Basilique royale de Saint-Denis. De Napoléon à la république. By Jean-Michel Leniaud. (Librairie de l'architecture et de la ville.) Pp. 208 incl. 58 black-and-white and 50 colour plates. Paris: Picard, 2012. €48 (paper). 978 2 7084 0919 4  |d 2014  |w (DE-627)1784655619 
856 4 2 |u https://swbplus.bsz-bw.de/bsz367303108inh.htm  |m B:DE-576;DE-16  |q application/pdf  |v 20121022160647  |x Verlag  |3 Inhaltsverzeichnis  |7 1 
856 4 2 |u http://bvbr.bib-bvb.de:8991/F?func=service&doc_library=BVB01&doc_number=025246080&line_number=0001&func_code=DB_RECORDS&service_type=MEDIA  |3 Inhaltsverzeichnis  |7 1 
856 4 2 |u http://bvbr.bib-bvb.de:8991/F?func=service&doc_library=BVB01&doc_number=025246080&line_number=0002&func_code=DB_RECORDS&service_type=MEDIA  |3 Klappentext  |7 1 
856 4 2 |u http://bvbr.bib-bvb.de:8991/F?func=service&doc_library=BVB01&doc_number=025246080&line_number=0003&func_code=DB_RECORDS&service_type=MEDIA  |3 Cover  |7 1 
856 4 2 |u http://catalogue.bnf.fr/ark:/12148/cb42668726k  |x Verlag  |y Notice et cote du catalogue de la Bibliothèque nationale de France  |7 1 
889 |w (DE-627)719839173 
935 |a MZFRA 
935 |i mdedup 
936 b k |a 21.70  |j Geschichte der Sakralbaukunst  |0 (DE-627)106421255 
936 s n |a z210  |2 mzub 
951 |a BO 
990 |a Klosterkirche Saint-Denis 
990 |a Klosterkirche Saint-Denis 
990 |a Kirchenbau 
990 |a Ausstattung 
990 |a Geschichte 1800-1900 
990 |a Klosterkirche Saint-Denis 
990 |a Architektur 
990 |a Ausstattung 
991 |a Rezensiertes Werk 
999 |a KXP-PPN1617531111  |e 4050137178